000 01556nam a2200301Ia 4500
999 _c36769
_d36769
001 2708
003 GE_BSU
005 20190605141916.0
008 181216s2012||||ge |||||||||||||| ||geo||
020 _a9789941194696
040 _cGE_BSU
041 _ageo
080 _a27-9+27-242+27+246 გ–59
100 _aგოგებაშვილი, იაკობ.
_92095
245 _aსაღმრთო ისტორია : კოლექცია ბავშვებისათვის :
_bწიგნი 12 /
_cმთ. რედ. მაია ალუდაური; ტექსტის რედ. მუშაობდნენ: ზურაბ სარჯველაძე, თამაზ ტონია, თამაზ ჩუბინიძე
264 _aთბილისი :
_bპალიტრა L,
_c2012.
300 _a46 გვ. ;
_b20 სმ.
653 _aგედეონი და სამსონი.
653 _aმსაჟულთა ხანა.
653 _aრუთის ამბავი.
700 _aალუდაური, მაია
_eრედაქტორი
_92096
700 _aსარჯველაძე, ზურაბ
_eრედაქტორი
_91178
700 _aტონია, თამაზ
_eრედაქტორი
_92097
700 _aჩუბინიძე, თამაზ
_eრედაქტორი
_92098
700 _aკაკაბაძე, გოჩა
_eმხატვარი
_92099
710 _a
_92105
942 _cBK
_2udc